Statistics for Three-Character Chinese Cities 中国三字城市

Click here to take the quiz!

General Stats

  • This quiz has been taken 2 270 times
  • The average score is 16 of 24

Answers on the Map

Answers color-coded by a green-red scale on the quiz's map according to % correct below.
 

Answer Stats

Province 省Pop. ('000)City 城市% Correct
Heilongjiang 黑龙江6,387Harbin 哈尔滨
92%
Hebei 河北4,114Shijiazhuang 石家庄
88%
Jiangsu 江苏1,820Lianyungang 连云港
87%
Sichuan 四川707Panzhihua 攀枝花
80%
Hebei 河北1,435Zhangjiakou 张家口
80%
Hebei 河北1,535Qinhuangdao 秦皇岛
79%
Guizhou 贵州1,077Liupanshui 六盘水
74%
Hunan 湖南494Zhangjiajie 张家界
74%
Henan 河南716Zhumadian 驻马店
71%
Jiangxi 江西396Jingdezhen 景德镇
69%
Guangxi 广西420Fangchenggang 防城港
68%
Anhui 安徽1,019Ma'anshan 马鞍山
68%
Tibet 西藏120Shigatse 日喀则
67%
Heilongjiang 黑龙江716Jiamusi 佳木斯
66%
Liaoning 辽宁775Huludao 葫芦岛
65%
Henan 河南1,160Pingdingshan 平顶山
65%
Heilongjiang 黑龙江926Mudanjiang 牡丹江
64%
Gansu 甘肃336Jiayuguan 嘉峪关
60%
Ningxia 宁夏514Shizuishan 石嘴山
60%
Heilongjiang 黑龙江503Shuangyashan 双鸭山
60%
Henan 河南561Sanmenxia 三门峡
59%
Heilongjiang 黑龙江579Qitaihe 七台河
58%
Xinjiang 新疆273Turpan 吐鲁番
53%
Jiangsu 江苏656Zhangjiagang 张家港
41%

Score Distribution

Percentile by Number Answered

Percent of People with Each Score

Your Score History

You have not taken this quiz